01943cam a22003855i 4500999001700000003000900017005001700026006001800043008004100061020002500102020002900127040004300156082002300199100003500222245004300257264004200300300005500342336002600397336003300423337002800456337002300484338002700507338003100534490002700565520022200592650007900814650005900893650006100952653003301013655001701046942001201063952015701075952016101232952016401393 c18296d18268EG-ScBUE20200106114636.0m||||fq||z 00| 0140612s2008 enka f 000 0 eng d a9780230028852 (book) a9780230028838 (audio CD) aEG-ScBUEbengerdacEG-ScBUEdEG-ScBUE04a428.24076bMCC2221 aMcCarter, Sam,eauthor.91994210aIELTS testbuilder.n2 /cSam McCarter. 1aOxford :bMacmillan Education,c2008. a176 pages :billustrations ;c27 cm. +e2 audio CD atextbtxt2rdacontent aspoken wordbspw2rdacontent aunmediatedbn2rdamedia aaudiobs2rdamedia avolumebnc2rdacarrier aaudio discbsd2rdacarrier0 aMacmillan testbuilders aIELTS Testbuilder 2 is designed to improve exam performance and increase competence for success in the international Language Testing System (IELTS). This book is suitable for all students at IELTS Band 4.5 and above. 7aInternational English Language Testing SystemvStudy guides.2BUEsh936012 7aEnglish languagevExaminations, questions, etc.2BUEsh 7aEnglish languagevTextbooks for foreign speakers.2BUEsh bHHUUEENNcJune2014cJuly2019 vReading book 2ddccBB 00102ddc40708BaccahaMAINbMAINc2NDd2014-06-12ePurchaseg280.00h19833l11o428.24076 MCCp000035980r2025-07-15 00:00:00s2021-11-21v350.00yBB 00102ddc40708BaccahaMAINbMAINc2NDd2014-06-12ePurchaseg280.00h19833l2o428.24076 MCCp000035981r2022-08-24 00:00:00s2014-10-13v350.00yCDVDWBB 00102ddc40708BaccahaMAINbMAINc2NDd2014-06-12ePurchaseg280.00h19833l3m6o428.24076 MCCp000035982r2022-08-24 00:00:00s2021-01-20v350.00yCDVDWBB